[Event "Sunnyvale 1000 GM Thanksgiving IM1"]
[Site "Sunnyvale"]
[Date "2023.11.26"]
[Round "9"]
[White "Karthi, Jashith"]
[Black "Lorenzana, Wilson Estuardo"]
[Result "1/2-1/2"]
[WhiteElo "2120"]
[BlackElo "2113"]
[PlyCount "60"]
[EventDate "2023.11.22"]
[EventType "schev"]
[EventRounds "9"]
[EventCountry "USA"]
[SourceTitle "CBM 217 Extra"]
[Source "ChessBase"]
[SourceDate "2024.01.31"]
[SourceVersion "1"]
[SourceVersionDate "2024.01.31"]
[SourceQuality "1"]

1. d4 Nf6 2. c4 g6 3. Nf3 Bg7 4. g3 0-0 5. Bg2 d6 6. 0-0 Nbd7 7. Nc3 e5 8. e4 c6 9. Re1 exd4 10. Nxd4 Re8 11. h3 a5 12. Rb1 Nc5 13. b3 Nfd7 14. Bf4 Ne5 15. Bf1 Ned3 16. Bxd3 Bxd4 17. Ne2 Be5 18. h4 f5 19. Bxe5 dxe5 20. Bc2 fxe4 21. Qxd8 Rxd8 22. Nc3 Rd2 23. Bxe4 Bg4 24. a3 Rf8 25. b4 axb4 26. axb4 Ne6 27. Rf1 Nd4 28. b5 Bh3 29. Bg2 Bf5 30. bxc6 bxc6 1/2-1/2

[Event "Sunnyvale 1000 GM Thanksgiving IM1"]
[Site "Sunnyvale"]
[Date "2023.11.25"]
[Round "6"]
[White "Lorenzana, Wilson Estuardo"]
[Black "Sivakumar, Shaaketh"]
[Result "1-0"]
[WhiteElo "2113"]
[BlackElo "2358"]
[PlyCount "63"]
[EventDate "2023.11.22"]
[EventType "schev"]
[EventRounds "9"]
[EventCountry "USA"]
[SourceTitle "CBM 217 Extra"]
[Source "ChessBase"]
[SourceDate "2024.01.31"]
[SourceVersion "1"]
[SourceVersionDate "2024.01.31"]
[SourceQuality "1"]

1. e4 e6 2. d4 d5 3. Nc3 Bb4 4. e5 Ne7 5. a3 Bxc3+ 6. bxc3 c5 7. a4 Qc7 8. Nf3 b6 9. Bb5+ Nd7 10. 0-0 0-0 11. Bd3 h6 12. Nh4 f5 13. f4 a5 14. Ba3 Ba6 15. Bb5 Bxb5 16. axb5 Rac8 17. Rb1 Rf7 18. Rf2 g5 19. fxg5 hxg5 20. Nf3 Rg7 21. Qd2 g4 22. Ng5 Rg6 23. h4 gxh3 24. Nxh3 Kf7 25. Ng5+ Kg7 26. Rf3 Rg8 27. Rg3 Kf8 28. Qf4 Ke8 29. Qh4 Nxe5 30. dxe5 Qxe5 31. Bc1 Rh8 32. Qf4 1-0

[Event "Sunnyvale 1000 GM Thanksgiving IM1"]
[Site "Sunnyvale"]
[Date "2023.11.23"]
[Round "2"]
[White "Deng, Henry"]
[Black "Lorenzana, Wilson Estuardo"]
[Result "1-0"]
[WhiteElo "2274"]
[BlackElo "2113"]
[PlyCount "75"]
[EventDate "2023.11.22"]
[EventType "schev"]
[EventRounds "9"]
[EventCountry "USA"]
[SourceTitle "CBM 217 Extra"]
[Source "ChessBase"]
[SourceDate "2024.01.31"]
[SourceVersion "1"]
[SourceVersionDate "2024.01.31"]
[SourceQuality "1"]

1. e4 c5 2. Nc3 e6 3. d4 cxd4 4. Qxd4 Nc6 5. Qe3 Be7 6. Nf3 d5 7. exd5 exd5 8. Qd3 Nf6 9. Bf4 0-0 10. 0-0-0 Be6 11. a3 a6 12. Be2 Rc8 13. Ne5 Qa5 14. Bf3 Rfd8 15. Ne2 Nxe5 16. Bxe5 b5 17. Nd4 b4 18. Nb3 Qa4 19. axb4 Bxb4 20. Kb1 Nd7 21. Bd4 g6 22. g4 Nc5 23. Qe3 Nd7 24. h4 Re8 25. Qf4 Qc6 26. Rc1 Bd6 27. Qh6 Bf8 28. Qd2 Qc7 29. Rce1 h6 30. Be2 a5 31. f4 f5 32. gxf5 Bxf5 33. Bd3 Re4 34. Bxe4 dxe4 35. Bc3 Nb6 36. Qd4 a4 37. Nd2 a3 38. Nxe4 1-0

[Event "Olympiad-44"]
[Site "Chennai"]
[Date "2022.08.02"]
[Round "5.2"]
[White "Lorenzana, Wilson Estuardo"]
[Black "Stansford, Chiwambo"]
[Result "1-0"]
[WhiteElo "2182"]
[BlackElo "1913"]
[PlyCount "55"]
[EventDate "2022.07.29"]
[EventType "team-swiss"]
[EventRounds "11"]
[EventCountry "IND"]
[SourceTitle "CBM 210"]
[Source "ChessBase"]
[SourceDate "2022.10.31"]
[SourceVersion "1"]
[SourceVersionDate "2022.10.31"]
[SourceQuality "1"]
[WhiteTeam "Guatemala"]
[BlackTeam "Malawi"]
[WhiteTeamCountry "GUA"]
[BlackTeamCountry "MWI"]

1. e4 c5 2. Nf3 d6 3. d4 cxd4 4. Nxd4 Nf6 5. Nc3 a6 6. a3 e5 7. Nf5 Bxf5 8. exf5 d5 9. Bg5 d4 10. Bxf6 Qxf6 11. Nd5 Qc6 12. Qf3 Bd6 13. Bd3 Nd7 14. 0-0 Rb8 15. Be4 Qc8 16. f6 g6 17. c3 0-0 18. Qh3 Qd8 19. Qh4 Re8 20. Rad1 Nb6 21. Rd3 Nxd5 22. Bxd5 Bf8 23. c4 b5 24. Rh3 h6 25. Rg3 Kh7 26. Bxf7 g5 27. Qe4+ Kh8 28. Qg6 1-0

[Event "Olympiad-44"]
[Site "Chennai"]
[Date "2022.08.01"]
[Round "4.3"]
[White "Lorenzana, Wilson Estuardo"]
[Black "Hamitevici, Vladimir"]
[Result "0-1"]
[WhiteElo "2182"]
[BlackElo "2473"]
[PlyCount "162"]
[EventDate "2022.07.29"]
[EventType "team-swiss"]
[EventRounds "11"]
[EventCountry "IND"]
[SourceTitle "CBM 210"]
[Source "ChessBase"]
[SourceDate "2022.10.31"]
[SourceVersion "1"]
[SourceVersionDate "2022.10.31"]
[SourceQuality "1"]
[WhiteTeam "Guatemala"]
[BlackTeam "Moldova"]
[WhiteTeamCountry "GUA"]
[BlackTeamCountry "MDA"]

1. e4 e5 2. Nf3 Nc6 3. Bc4 Nf6 4. d3 h6 5. 0-0 d6 6. a4 g5 7. Nc3 Bg7 8. a5 a6 9. Nd5 Nxd5 10. Bxd5 0-0 11. Ne1 Ne7 12. Bb3 d5 13. Bd2 Qd6 14. Qe2 Be6 15. Rd1 Rae8 16. g3 f5 17. Ng2 f4 18. f3 Nc6 19. Bc3 Qc5+ 20. Rf2 d4 21. Bxe6+ Rxe6 22. Be1 Qb5 23. Ra1 Rd8 24. b3 b6 25. axb6 cxb6 26. Ra4 a5 27. Bd2 Bf8 28. Ne1 Bb4 29. Qf1 Bxd2 30. Rxd2 Nb4 31. Qh3 Qd7 32. gxf4 exf4 33. Rg2 Rc6 34. Qh5 Qf7 35. Qg4 Kh7 36. Ra1 Rg8 37. Re2 Re6 38. Qg2 h5 39. h3 Qd7 40. Qf1 Nc6 41. Rh2 Rh6 42. Qf2 Rgg6 43. Ng2 Qd6 44. Rf1 Ne5 45. Qd2 Rg7 46. Kf2 Qc5 47. Ke2 Rc7 48. Rc1 Qd6 49. Ne1 Rc3 50. Kf1 Rf6 51. Ra1 Nc6 52. Qf2 Qe6 53. Qg1 Rg6 54. Qf2 Kg8 55. Rh1 Rg7 56. Ra4 b5 57. Ra1 Qd7 58. Rh2 Kf8 59. Qd2 Ke8 60. Ke2 Qc7 61. Kd1 Kd7 62. Rg2 Kc8 63. Qf2 Kb7 64. Qg1 Qe7 65. h4 Rc5 66. Ra2 Rg6 67. Ra1 Kb6 68. c4 dxc3 69. Nc2 g4 70. d4 Rd6 71. Kc1 Nxd4 72. Nxd4 Qd8 73. b4 Rxd4 74. bxc5+ Kxc5 75. fxg4 a4 76. gxh5 Kb4 77. Rc2 Rd3 78. Rb1+ Kc4 79. Qf1 b4 80. e5 Qd4 81. Rf2 Qe3+ 0-1

[Event "Olympiad-44"]
[Site "Chennai"]
[Date "2022.07.29"]
[Round "1.3"]
[White "Pillay, Ragul Snega"]
[Black "Lorenzana, Wilson Estuardo"]
[Result "0-1"]
[WhiteElo "1341"]
[BlackElo "2182"]
[PlyCount "60"]
[EventDate "2022.07.29"]
[EventType "team-swiss"]
[EventRounds "11"]
[EventCountry "IND"]
[SourceTitle "CBM 210"]
[Source "ChessBase"]
[SourceDate "2022.10.31"]
[SourceVersion "1"]
[SourceVersionDate "2022.10.31"]
[SourceQuality "1"]
[WhiteTeam "Seychelles"]
[BlackTeam "Guatemala"]
[WhiteTeamCountry "SEY"]
[BlackTeamCountry "GUA"]

1. d4 Nf6 2. c4 g6 3. Nc3 Bg7 4. e4 0-0 5. e5 Ne8 6. Nf3 d6 7. Bf4 Nc6 8. h3 dxe5 9. dxe5 Be6 10. Be2 f6 11. exf6 exf6 12. 0-0 Rf7 13. Qb3 Qc8 14. Nd5 b6 15. Qe3 Bf8 16. Rad1 Ne7 17. Nxc7 Nxc7 18. Bxc7 Nf5 19. Qf4 Qxc7 20. Qe4 Re8 21. g4 Ng7 22. Nd4 Bc8 23. Qc2 Bc5 24. Nf3 Qg3+ 25. Kh1 Qxh3+ 26. Nh2 Bb7+ 27. f3 Ne6 28. Bd3 Nf4 29. Be4 Rfe7 30. Qd2 Rxe4 0-1

[Event "American Continental 16th"]
[Site "San Salvador"]
[Date "2022.05.08"]
[Round "9"]
[White "Diaz Charpentier, Kristel Melissa"]
[Black "Lorenzana, Wilson Estuardo"]
[Result "1/2-1/2"]
[WhiteElo "1947"]
[BlackElo "2170"]
[PlyCount "116"]
[EventDate "2022.05.02"]
[EventType "swiss"]
[EventRounds "11"]
[EventCountry "ESA"]
[SourceTitle "CBM 208 Extra"]
[Source "ChessBase"]
[SourceDate "2022.07.31"]
[SourceVersion "1"]
[SourceVersionDate "2022.07.31"]
[SourceQuality "1"]

1. Nf3 Nf6 2. c4 e6 3. g3 d5 4. Bg2 Be7 5. 0-0 0-0 6. b3 c6 7. Bb2 b5 8. cxb5 cxb5 9. d3 Bb7 10. Nbd2 Nc6 11. Re1 Qb6 12. d4 Rac8 13. a3 b4 14. a4 Na5 15. Ne5 Rc7 16. Rc1 Rfc8 17. Rxc7 Qxc7 18. Qc1 Qc2 19. Nd3 Nd7 20. h4 Ba6 21. Bf3 Bf6 22. Nxb4 Qg6 23. Qb1 Nb8 24. Qxg6 hxg6 25. e3 Be7 26. Nxa6 Nxa6 27. Rc1 Rxc1+ 28. Bxc1 Bb4 29. Bd1 Kf8 30. Nf3 Nc6 31. Kf1 Ke7 32. Ne1 Bd6 33. Nd3 Ncb4 34. Nxb4 Nxb4 35. Be2 a5 36. Bb5 Kf8 37. Bd2 Be7 38. Ke2 Bd6 39. Be1 Ke7 40. f3 f5 41. g4 Kf7 42. g5 Kf8 43. Kf2 Kf7 44. Bd2 Ke7 45. Kg2 Kf7 46. Be1 Ke7 47. Kf2 Kf7 48. Bc3 Kf8 49. Kg2 Kf7 50. Kh3 Kf8 51. Bd7 Ke7 52. Bc8 Nc6 53. Bb7 Bb4 54. Bxc6 Bxc3 55. Kg3 Be1+ 56. Kg2 Kd6 57. Be8 Bxh4 58. f4 Be1 1/2-1/2

[Event "American Continental 16th"]
[Site "San Salvador"]
[Date "2022.05.05"]
[Round "5"]
[White "Gonzalez Mojica, Renan Arturo"]
[Black "Lorenzana, Wilson Estuardo"]
[Result "0-1"]
[WhiteElo "2021"]
[BlackElo "2170"]
[PlyCount "102"]
[EventDate "2022.05.02"]
[EventType "swiss"]
[EventRounds "11"]
[EventCountry "ESA"]
[SourceTitle "CBM 208 Extra"]
[Source "ChessBase"]
[SourceDate "2022.07.31"]
[SourceVersion "1"]
[SourceVersionDate "2022.07.31"]
[SourceQuality "1"]

1. d4 Nf6 2. c4 g6 3. Nc3 Bg7 4. e4 0-0 5. f4 d6 6. Nf3 c5 7. d5 e6 8. dxe6 Bxe6 9. Bd3 Nc6 10. 0-0 Nd4 11. f5 Bd7 12. Bg5 Bc6 13. Nd5 Bxd5 14. exd5 Qb6 15. Nxd4 cxd4 16. Qd2 Ng4 17. f6 Bh8 18. Rf3 Rfe8 19. h4 Ne5 20. Rh3 Nxd3 21. Rxd3 Re4 22. h5 Rae8 23. hxg6 hxg6 24. Rh3 d3+ 25. Kh1 Rg4 26. Re1 Re5 27. Rxe5 dxe5 28. Rxd3 Bxf6 29. Bxf6 Qxf6 30. d6 Qf1+ 31. Kh2 Rxg2+ 32. Qxg2 Qxd3 33. Qxb7 Qxd6 34. Qc8+ Kg7 35. c5 Qd2+ 36. Kh3 Qe3+ 37. Kg2 e4 38. c6 Qf3+ 39. Kh2 Qf2+ 40. Kh3 e3 41. Qe8 e2 42. c7 e1Q 43. Qxe1 Qxe1 44. c8Q Qe6+ 45. Qxe6 fxe6 46. b4 Kf7 47. b5 Ke7 48. a4 Kd6 49. a5 Kc5 50. b6 axb6 51. a6 Kc6 0-1

[Event "American Continental 16th"]
[Site "San Salvador"]
[Date "2022.05.04"]
[Round "4"]
[White "Lorenzana, Wilson Estuardo"]
[Black "Aspiazu Sibri, Marlon Steven"]
[Result "1/2-1/2"]
[WhiteElo "2170"]
[BlackElo "1949"]
[PlyCount "79"]
[EventDate "2022.05.02"]
[EventType "swiss"]
[EventRounds "11"]
[EventCountry "ESA"]
[SourceTitle "CBM 208 Extra"]
[Source "ChessBase"]
[SourceDate "2022.07.31"]
[SourceVersion "1"]
[SourceVersionDate "2022.07.31"]
[SourceQuality "1"]

1. e4 e6 2. d4 d5 3. Nc3 Nf6 4. Bg5 Be7 5. e5 Nfd7 6. h4 h6 7. Bxe7 Qxe7 8. f4 a6 9. h5 c5 10. dxc5 Qxc5 11. Qd2 Nc6 12. Nf3 b5 13. 0-0-0 b4 14. Na4 Qa5 15. b3 Nc5 16. Nxc5 Qxc5 17. Nd4 Bd7 18. Nxc6 Bxc6 19. Qd4 Qe7 20. Qb6 Bd7 21. g4 0-0 22. Bd3 f6 23. Qd4 fxe5 24. Qxe5 Qf6 25. Rdf1 Qxe5 26. fxe5 Bb5 27. Kd2 Bxd3 28. cxd3 Rac8 29. Rxf8+ Rxf8 30. Ke3 Rc8 31. Rf1 a5 32. Kd2 Rc5 33. Rf4 Rc3 34. Rf2 Rc7 35. Ke3 Rc1 36. Rg2 Kf7 37. Kd2 Ra1 38. Ke3 Rc1 39. Kd2 Ra1 40. Ke3 1/2-1/2

[Event "American Continental 16th"]
[Site "San Salvador"]
[Date "2022.05.02"]
[Round "1"]
[White "Lorenzana, Wilson Estuardo"]
[Black "Hernandez, Rodolfo Anibal"]
[Result "1-0"]
[WhiteElo "2170"]
[BlackElo "1625"]
[PlyCount "91"]
[EventDate "2022.05.02"]
[EventType "swiss"]
[EventRounds "11"]
[EventCountry "ESA"]
[SourceTitle "CBM 208 Extra"]
[Source "ChessBase"]
[SourceDate "2022.07.31"]
[SourceVersion "1"]
[SourceVersionDate "2022.07.31"]
[SourceQuality "1"]

1. e4 d5 2. exd5 Qxd5 3. Nc3 Qd6 4. g3 Nf6 5. Bg2 Nc6 6. Nf3 Bg4 7. h3 Bh5 8. d3 e5 9. 0-0 a6 10. a3 Be7 11. Re1 h6 12. g4 Bg6 13. Qe2 Nd7 14. Ne4 Bxe4 15. dxe4 Bf6 16. c3 Nc5 17. Rd1 Qe7 18. b4 Ne6 19. Rd5 0-0 20. Be3 Rfd8 21. Rad1 Qe8 22. Bf1 Ne7 23. Rxd8 Rxd8 24. Rxd8 Qxd8 25. b5 axb5 26. Qxb5 Qd6 27. c4 Qc6 28. a4 Qxe4 29. Qe8+ Kh7 30. Nd2 Qc6 31. Qxf7 Nd5 32. Bd3+ Kh8 33. Bxh6 Qd6 34. Bf5 Nf8 35. Ne4 Qe7 36. Qxd5 c6 37. Qd2 Ne6 38. Bxe6 Qxe6 39. Bg5 Kg8 40. Bxf6 gxf6 41. Qh6 Kf7 42. g5 f5 43. Qh7+ Ke8 44. Qxf5 Qe7 45. Qc8+ Kf7 46. Qxb7 1-0

[Event "Ibague op"]
[Site "Ibague"]
[Date "2021.10.22"]
[Round "6"]
[White "Valencia Lopez, Daily Vanessa"]
[Black "Lorenzana, Wilson Estuardo"]
[Result "1-0"]
[WhiteElo "1634"]
[BlackElo "2220"]
[PlyCount "103"]
[EventDate "2021.10.20"]
[EventType "swiss"]
[EventRounds "9"]
[EventCountry "COL"]
[SourceTitle "CBM 204 Extra"]
[Source "ChessBase"]
[SourceDate "2021.11.30"]
[SourceVersion "1"]
[SourceVersionDate "2021.11.30"]
[SourceQuality "1"]

1. e4 c5 2. Nf3 e6 3. d4 cxd4 4. Nxd4 a6 5. Bd3 Bc5 6. Nb3 Be7 7. Be3 d6 8. c4 Nf6 9. Nc3 Nbd7 10. Qe2 Ne5 11. Bc2 Qc7 12. Nd2 Neg4 13. Bg5 h6 14. Bh4 g5 15. Bg3 Bd7 16. h3 Ne5 17. Bxe5 dxe5 18. a3 Bc5 19. Bd3 Ke7 20. Rc1 a5 21. 0-0 a4 22. Kh1 h5 23. Rfd1 Rag8 24. Nb5 Qb6 25. Rf1 h4 26. Nf3 Bxb5 27. cxb5 Nd7 28. Rc2 Qc7 29. Rfc1 b6 30. Rc4 g4 31. Nd2 gxh3 32. gxh3 Qd8 33. Nf3 Qf8 34. Rxa4 Qg7 35. Rg1 Qf6 36. Ra7 Rxg1+ 37. Kxg1 Qf4 38. b4 Qg3+ 39. Kf1 Qxh3+ 40. Ke1 Qh1+ 41. Kd2 Bd4 42. Nxd4 exd4 43. Qg4 Rc8 44. Qg5+ Kd6 45. e5+ Nxe5 46. Qe7+ Kd5 47. Qb7+ Rc6 48. bxc6 Nf3+ 49. Kc2 Ne1+ 50. Kb3 Qh3 51. c7+ Kd6 52. c8N+ 1-0

[Event "Ibague op"]
[Site "Ibague"]
[Date "2021.10.21"]
[Round "4"]
[White "Leiva Rodriguez, Jeammarco Giuseppe"]
[Black "Lorenzana, Wilson Estuardo"]
[Result "1-0"]
[WhiteElo "2391"]
[BlackElo "2220"]
[PlyCount "75"]
[EventDate "2021.10.20"]
[EventType "swiss"]
[EventRounds "9"]
[EventCountry "COL"]
[SourceTitle "CBM 204 Extra"]
[Source "ChessBase"]
[SourceDate "2021.11.30"]
[SourceVersion "1"]
[SourceVersionDate "2021.11.30"]
[SourceQuality "1"]

1. e4 c5 2. Nf3 e6 3. g3 Nc6 4. Bg2 Qc7 5. 0-0 Nf6 6. d3 Be7 7. Re1 d5 8. Nc3 d4 9. Nb5 Qa5 10. a4 e5 11. Bd2 Qd8 12. Na3 Nd7 13. Nc4 Qc7 14. Ng5 Nb6 15. Nxb6 axb6 16. Nh3 h5 17. f4 g6 18. Rf1 Bd7 19. f5 0-0-0 20. f6 Bd6 21. Ng5 Rdf8 22. h3 Kb8 23. Kh2 Ka7 24. Rf2 Nd8 25. Qf1 Ne6 26. Nf3 Rfg8 27. h4 Bf8 28. Bh3 Bh6 29. Bxh6 Rxh6 30. Qc1 Rhh8 31. Bxe6 Bxe6 32. Qg5 Re8 33. Qxe5 Qc6 34. Qf4 Bg4 35. Ne5 Qe6 36. Nc4 g5 37. Qxg5 Qd7 38. a5 1-0

[Event "Manizales Las Americas op-A"]
[Site "Manizales"]
[Date "2021.10.17"]
[Round "8"]
[White "Pereira Vera, Henry Alberto"]
[Black "Lorenzana, Wilson Estuardo"]
[Result "1/2-1/2"]
[WhiteElo "1739"]
[BlackElo "2220"]
[PlyCount "77"]
[EventDate "2021.10.14"]
[EventType "swiss"]
[EventRounds "10"]
[EventCountry "COL"]
[SourceTitle "CBM 204 Extra"]
[Source "ChessBase"]
[SourceDate "2021.11.30"]
[SourceVersion "1"]
[SourceVersionDate "2021.11.30"]
[SourceQuality "1"]

1. b3 c5 2. Bb2 b6 3. Nf3 Bb7 4. e3 e6 5. d4 Nf6 6. Nbd2 Be7 7. dxc5 bxc5 8. Nc4 d6 9. Be2 0-0 10. 0-0 Nc6 11. Nfd2 d5 12. Ne5 Nxe5 13. Bxe5 Nd7 14. Bb2 Bd6 15. Bf3 Ne5 16. Be2 Qc7 17. f4 Ng6 18. g3 Rad8 19. Qc1 Ne7 20. Nf3 f6 21. c4 dxc4 22. Bxc4 Bd5 23. Qc3 Kh8 24. e4 Bxe4 25. Bxe6 Ba8 26. Rae1 Qb7 27. Bh3 c4 28. Qxc4 Bb4 29. Bc3 Qb6+ 30. Kh1 Nd5 31. Bxb4 Nxb4 32. Bg2 Nd3 33. Re2 Bb7 34. Qe6 Bc6 35. Qe3 Qa6 36. Rd2 Rfe8 37. Qg1 Nb4 38. Rxd8 Rxd8 39. Rd1 1/2-1/2

[Event "Manizales Las Americas op-A"]
[Site "Manizales"]
[Date "2021.10.16"]
[Round "5"]
[White "Lorenzana, Wilson Estuardo"]
[Black "Cabiativa, Juan Esteban"]
[Result "0-1"]
[WhiteElo "2220"]
[BlackElo "1998"]
[PlyCount "86"]
[EventDate "2021.10.14"]
[EventType "swiss"]
[EventRounds "10"]
[EventCountry "COL"]
[SourceTitle "CBM 204 Extra"]
[Source "ChessBase"]
[SourceDate "2021.11.30"]
[SourceVersion "1"]
[SourceVersionDate "2021.11.30"]
[SourceQuality "1"]

1. e4 c5 2. Nf3 e6 3. c4 Nc6 4. d4 cxd4 5. Nxd4 Nf6 6. Nc3 Bb4 7. Nxc6 bxc6 8. Bd3 e5 9. 0-0 h6 10. Qe2 0-0 11. a3 Bc5 12. Qf3 d6 13. h3 Be6 14. Rd1 Rb8 15. Rb1 a5 16. Bf1 Bd4 17. Be3 c5 18. Nb5 a4 19. Bd3 Ne8 20. b4 axb3 21. Rxb3 Nc7 22. a4 Ra8 23. Bxd4 cxd4 24. Ra3 Na6 25. a5 Qd7 26. Qe2 Rfc8 27. f4 f6 28. Rb1 Nc5 29. f5 Bf7 30. Rb4 Na6 31. Rb2 Qc6 32. Qg4 h5 33. Qh4 Bxc4 34. Kh2 Bxd3 35. Rxd3 Nc7 36. Rg3 Ne8 37. Rbb3 Rxa5 38. Rg6 Rxb5 39. Rbg3 Qc1 40. Rxg7+ Nxg7 41. Qxf6 Rb7 42. Qxd6 Qc6 43. Qxe5 h4 0-1

[Event "Online Olym Div2 E"]
[Site "Chess.com INT"]
[Date "2021.09.02"]
[Round "3.5"]
[White "Noboa Silva, Kevin Omar"]
[Black "Lorenzana, Wilson Estuardo"]
[Result "1-0"]
[WhiteElo "2331"]
[BlackElo "2220"]
[PlyCount "103"]
[EventDate "2021.09.02"]
[EventType "team (rapid)"]
[EventRounds "9"]
[EventCountry "USA"]
[SourceTitle "CBM 204 Extra"]
[Source "ChessBase"]
[SourceDate "2021.11.30"]
[SourceVersion "1"]
[SourceVersionDate "2021.11.30"]
[SourceQuality "1"]
[WhiteTeam "Ecuador"]
[BlackTeam "Guatemala"]
[WhiteTeamCountry "ECU"]
[BlackTeamCountry "GUA"]

1. d4 Nf6 2. c4 g6 3. Nc3 Bg7 4. e4 0-0 5. h3 d6 6. Bg5 a5 7. Bd3 Na6 8. Nge2 e5 9. d5 Qe8 10. Qd2 Nd7 11. g4 Ndc5 12. Bb1 f6 13. Be3 Bd7 14. Ng3 Rf7 15. f3 a4 16. h4 b5 17. h5 g5 18. h6 Bf8 19. cxb5 Bxb5 20. Kf2 Rb8 21. Kg2 Kh8 22. Nf5 Qc8 23. Kg3 Qb7 24. Rh2 Bd7 25. Bd3 Qb4 26. Bxa6 Nxa6 27. Rc1 Rb7 28. Qd3 Qa5 29. Nb1 Nb4 30. Qd2 Qa6 31. Na3 Nd3 32. Rc2 Nf4 33. Rh1 Be7 34. Rhc1 Bd8 35. Nc4 Rf8 36. Qa5 Bb5 37. Qxa6 Bxa6 38. Na5 Rb8 39. Nc6 Ra8 40. Bxf4 gxf4+ 41. Kf2 Bd3 42. Rc3 Bb5 43. Nxd8 Raxd8 44. Rxc7 Be8 45. Rb7 Bg6 46. Rcc7 Rc8 47. Nxd6 Rxc7 48. Rxc7 Rb8 49. Rc8+ Rxc8 50. Nxc8 Kg8 51. Ne7+ Kf7 52. Nxg6 1-0

[Event "Caissa Guatemala Online"]
[Site "Chess.com INT"]
[Date "2021.01.23"]
[Round "2"]
[White "Molina Hun, Hieysson"]
[Black "Lorenzana, Wilson Estuardo"]
[Result "0-1"]
[WhiteElo "1506"]
[BlackElo "2220"]
[PlyCount "86"]
[EventDate "2021.01.23"]
[EventType "swiss (blitz)"]
[EventRounds "7"]
[EventCountry "GUA"]
[SourceTitle "CBM 200 Extra"]
[Source "ChessBase"]
[SourceDate "2021.03.31"]
[SourceVersion "1"]
[SourceVersionDate "2021.03.31"]
[SourceQuality "1"]

1. d4 Nf6 2. Nf3 g6 3. c4 Bg7 4. g3 0-0 5. Bg2 d6 6. 0-0 Nbd7 7. Nc3 e5 8. h3 Re8 9. e4 exd4 10. Nxd4 c6 11. Re1 a5 12. Rb1 Nc5 13. b3 Nfd7 14. Ba3 Ne5 15. Re2 Ned3 16. Rd2 Bxd4 17. Rxd3 Nxd3 18. Qxd3 Qf6 19. Nd1 a4 20. b4 Be6 21. Bb2 Bxb2 22. Rxb2 Red8 23. Re2 Qa1 24. Kh2 Bxc4 25. Qxc4 Qxd1 26. Re3 Qa1 27. b5 Rdc8 28. h4 Qe5 29. Rf3 Qe7 30. Bh3 cxb5 31. Qxb5 Rc5 32. Qd3 Re8 33. Bg2 b5 34. Qd2 Rec8 35. Qb4 Qe5 36. Bh3 R8c7 37. Bg2 h5 38. Qa5 Kg7 39. Qa8 Rc2 40. Qb8 Re7 41. a3 Rb2 42. Rd3 Rxf2 43. Qd8 Qxe4 0-1

[Event "Online Olym Div2 D"]
[Site "Chess.com INT"]
[Date "2020.08.15"]
[Round "5.1"]
[White "Lorenzana, Wilson Estuardo"]
[Black "Delaney, Killian"]
[Result "1/2-1/2"]
[WhiteElo "2221"]
[BlackElo "2302"]
[PlyCount "93"]
[EventDate "2020.08.14"]
[EventType "team-tourn (rapid)"]
[EventRounds "9"]
[EventCountry "USA"]
[SourceTitle "CBM 198"]
[Source "ChessBase"]
[SourceDate "2020.10.31"]
[SourceVersion "1"]
[SourceVersionDate "2020.10.31"]
[SourceQuality "1"]
[WhiteTeam "Guatemala"]
[BlackTeam "Ireland"]
[WhiteTeamCountry "GUA"]
[BlackTeamCountry "IRL"]

1. e4 c6 2. d4 d5 3. e5 c5 4. dxc5 e6 5. Bd3 Nd7 6. Nf3 Nxc5 7. 0-0 Nxd3 8. cxd3 Ne7 9. Nc3 Nc6 10. a3 Be7 11. Ne2 0-0 12. Bf4 f6 13. d4 Bd7 14. Re1 f5 15. b4 g5 16. Bc1 f4 17. Nd2 Be8 18. Nb3 b6 19. Nc3 f3 20. g3 Bh5 21. Be3 Qe8 22. h3 g4 23. Kh2 Rc8 24. Rc1 gxh3 25. Rh1 Qg6 26. Qd2 Bg4 27. Nb5 a6 28. Nd6 Bxd6 29. exd6 a5 30. b5 Na7 31. Rc7 Nxb5 32. Rxc8 Rxc8 33. Rc1 Nxd6 34. Rxc8+ Nxc8 35. Bh6 Nd6 36. Qf4 Bf5 37. Qxd6 Qxh6 38. Qxb6 a4 39. Qd8+ Kf7 40. Nc5 Qd2 41. Qd7+ Kg6 42. Qe8+ Kh6 43. Qf8+ Kg6 44. Qg8+ Kh6 45. Qf8+ Kg6 46. Qg8+ Kh6 47. Qf8+ 1/2-1/2

[Event "Online Olym Div2 D"]
[Site "Chess.com INT"]
[Date "2020.08.15"]
[Round "4.2"]
[White "Lorenzana, Wilson Estuardo"]
[Black "Urkedal, Frode Olav Olsen"]
[Result "0-1"]
[WhiteElo "2221"]
[BlackElo "2558"]
[PlyCount "68"]
[EventDate "2020.08.14"]
[EventType "team-tourn (rapid)"]
[EventRounds "9"]
[EventCountry "USA"]
[SourceTitle "CBM 198"]
[Source "ChessBase"]
[SourceDate "2020.10.31"]
[SourceVersion "1"]
[SourceVersionDate "2020.10.31"]
[SourceQuality "1"]
[WhiteTeam "Guatemala"]
[BlackTeam "Norway"]
[WhiteTeamCountry "GUA"]
[BlackTeamCountry "NOR"]

1. e4 e5 2. Nf3 Nc6 3. Bc4 Nf6 4. d3 Bc5 5. c3 d6 6. 0-0 h6 7. a4 a5 8. Re1 0-0 9. h3 Be6 10. Bb5 Na7 11. d4 exd4 12. Nxd4 Nxb5 13. axb5 Re8 14. Na3 Bd7 15. f3 Re7 16. Be3 d5 17. exd5 Nxd5 18. Bd2 Rxe1+ 19. Qxe1 Qf6 20. Qf2 Re8 21. Re1 Rxe1+ 22. Bxe1 Nf4 23. Bd2 Nd3 24. Qe3 Nxb2 25. Nac2 Nc4 26. Qe2 Nxd2 27. Qxd2 Bxb5 28. Kh1 Bd7 29. Ne3 a4 30. Qb2 b6 31. Nd5 Qe5 32. Qa2 Be6 33. Nxe6 Qe1+ 34. Kh2 Bg1+ 0-1

[Event "Online Olym Div3 E"]
[Site "Chess.com INT"]
[Date "2020.08.09"]
[Round "8.1"]
[White "Arias, Daniel1"]
[Black "Lorenzana, Wilson Estuardo"]
[Result "1/2-1/2"]
[WhiteElo "2285"]
[BlackElo "2220"]
[PlyCount "86"]
[EventDate "2020.08.07"]
[EventType "team-tourn (rapid)"]
[EventRounds "9"]
[EventCountry "USA"]
[SourceTitle "CBM 198"]
[Source "ChessBase"]
[SourceDate "2020.10.31"]
[SourceVersion "1"]
[SourceVersionDate "2020.10.31"]
[SourceQuality "1"]
[WhiteTeam "El Salvador"]
[BlackTeam "Guatemala"]
[WhiteTeamCountry "ESA"]
[BlackTeamCountry "GUA"]

1. d4 Nf6 2. c4 g6 3. Nc3 Bg7 4. e4 0-0 5. f3 d6 6. Nge2 c5 7. d5 e6 8. Bg5 exd5 9. cxd5 a6 10. a4 Re8 11. Qd2 Nbd7 12. Nc1 h6 13. Be3 h5 14. Be2 Nh7 15. 0-0 Ne5 16. h3 f5 17. Kh2 h4 18. Nb3 b6 19. Rae1 Ra7 20. f4 Nf7 21. Bf3 Rae7 22. exf5 Bxf5 23. Na1 Nf6 24. Bf2 Rxe1 25. Rxe1 Rxe1 26. Qxe1 Bh6 27. Ne2 Bg7 28. Bxh4 Qe8 29. Nc3 Qxe1 30. Bxe1 Bd3 31. g3 Nd7 32. Kg2 Nh6 33. g4 b5 34. axb5 axb5 35. Nd1 b4 36. Bd2 Nf7 37. Kf2 Bd4+ 38. Be3 Bg7 39. Ke1 Nb6 40. Kd2 Bf1 41. Ke1 Bd3 42. Kd2 Bf1 43. Ke1 Bd3 1/2-1/2